000 00707cam a22002411 4500
999 _c20424
_d20424
001 6016211
003 BDDh-ASL
005 20231015025904.0
008 771207s19651949enkb 000 0 eng
010 _a 49010528
035 _a(OCoLC)3469891
040 _aDLC
_cMiGrC
_dMiGrC
_dOCoLC
_dDLC
_dBDDh-ASL
042 _apremarc
050 0 0 _aBP65.E5
_bT7
082 _a297.0962
_bTRI
100 1 _aTrimingham, J. Spencer
_q(John Spencer),
_d1904-
245 1 0 _aIslam in the Sudan /
260 _aLondon:
_aNew York,
_bOxford Univ. Press,
_c1965.
300 _ax, 280 p.
_bmaps (1 fold. col.)
_c22 cm.
650 0 _aMuslims
_zSudan.
906 _a7
_bcbc
_coclcrpl
_du
_encip
_f19
_gy-gencatlg
942 _2ddc
_cBK